Регионална библиотека "Любен Каравелов" - Русе

Стилистични особености на съществителното име в българския език (Запис номер 206262)

MARC детайли
000 -Лидер
Контролно поле с фиксирана дължина nam a22 a 4500
003 - Код на организацията, давaща контролен номер
Контролно поле BLK
005 - Дата и час на последна редакция
Контролно поле 20221121095632.0
008 - Елементи от данни с фиксирана дължина
fixed length control field 180411b bul|||||r ||||||| ||bul||
010 ## - Наследен системен номер
LC control number KNG00216011000
040 ## - Източник на каталожния запис
Идентификатор на билиотеката - собственик на записа BLK
041 ## - Код за език
Код за езика на текст/звукозапис или на отделно заглавие Български
Код за езика КДБФ Български
080 ## - УДК
Текстов определител УДК Български език
УДК код - определител по УДК 811.163.2
УДК - код + определител 811.163.2
100 ## - Редна дума - Автор
Автор Чизмаров, Димитър Георгиев
Авторска отговорност първи автор
R(LIN) 373589
139 ## - Редно поле
Редна дума Чизмаров, Димитър Георгиев
Авторски знак Чи - Ч 79
245 10 - Сведения за заглавието
Заглавие Стилистични особености на съществителното име в българския език
Подзаглавни данни Изследване
Редно поле (дума) Димитър Чизмаров.
257 ## - Страна на издаване
Страна на създаване/издаване България
260 ## - Област на издателските данни
Място на издаване, разпространение и проч. София
Име на издателя, разпространителя и проч. Нар. просв.
Година на издаване 1978
Печатница Хасково : Ат. Стратиев
300 ## - Физическа характеристика
Страници 183 с.
Размери/Мащаб 20 см
380 ## - Жанр
Жанр Езикознание. Филология
500 ## - Общи забележки
Забележка 5 705 тир.
504 ## - Забележка за наличие на библиография и др
Забележка за наличие на библиография и под. Библиогр. под линия.
650 #4 - Допълнително описание по предмет – тема
Основно описание – тема или топоним Български език - морфология
9 (RLIN) 245187
650 #4 - Допълнително описание по предмет – тема
Основно описание – тема или топоним Български език - стилистика
9 (RLIN) 247579
852 ## - Местоположение
Форматна сигнатура Цб 94852
Фондова буква Хранилище
856 4# - Електронен адрес и достъп
Електронен формат pdf - файл
Инструкция (цена за достъп) 0.00
Права за достъп disable
856 4# - Електронен адрес и достъп
Електронен формат pdf - файл
Инструкция (цена за достъп) 0.00
Права за достъп disable
999 ## - СИСТЕМНИ КОНТРОЛНИ НОМЕРА
Koha biblionumber 206262
Koha biblioitemnumber 206262
942 ## - АРТИКУЛИ
Вид на библиотечния материал Книги
Скрит в OPAC Не
Периодичен библиозапис Да
944 ## - СЪЗДАВАНЕ И РЕДАКЦИЯ на ЗАПИСА
Създаване/Редакция Създаване
Дата на регистрацията/редакция 09.02.2018
Служител, извършил регистрацията/редакцията Грета_Цуфелде
944 ## - СЪЗДАВАНЕ И РЕДАКЦИЯ на ЗАПИСА
Създаване/Редакция Редакция
Дата на регистрацията/редакция 09.02.2018
Служител, извършил регистрацията/редакцията Грета_Цуфелде
999 ## - СИСТЕМНИ КОНТРОЛНИ НОМЕРА
Koha biblioitemnumber 206262
Наличности
Код за отписване Код за изгубен артикул Източник на класификационната схема Код за повреда Коз за рестрикции Код за отдаване Артикулен № Име на библиотеката - собственик Име на библиотеката, в която се намира в момента Статус (Текущо местоположение) Дата на вписване в системата Местоположение - отдел Цена в лева Инвентарен номер Систематично азбучна сигнатура Баркод Номер на екземпляра Цена в евро Служебна бележка Служебен тип на артикула
  Не е изгубен Universal Decimal Classification Не е повреден само за читалня ползва се в читалня 354763 Регионална библиотека "Любен Каравелов" Русе Регионална библиотека "Любен Каравелов" Русе Хранилище 1978-01-01 Хранилище 0.64 267922 Цб 94852 120000267922 1 0.33 N: стар фонд Дата: 01.01.1978 Книги
Изтеглен Не е изгубен Universal Decimal Classification Не е повреден без рестрикции заемане за дома 354764 Регионална библиотека "Любен Каравелов" Русе Регионална библиотека "Любен Каравелов" Русе Заемна - подръчен фонд 1978-01-01 Заемна - подръчен фонд 0.64 269654 П 808.67/Ч 79 269654 2 0.33 N: стар фонд Дата: 01.01.1978 Дата инв: 12.02.2018 Бележки инв: П2018 Книги
Изтеглен Не е изгубен Universal Decimal Classification Не е повреден без рестрикции заемане за дома 354765 Регионална библиотека "Любен Каравелов" Русе Регионална библиотека "Любен Каравелов" Русе Заемна - подръчен фонд 1978-01-01 Заемна - подръчен фонд 0.64 269655 П 808.67/Ч 79 269655 3 0.33 N: стар фонд Дата: 01.01.1978 Книги
Vip Innovations Ltd, Rousse, Bulgaria 2025